Survivor Tribe Names Quiz Stats

 Plays Quiz not verified by Sporcle

Also try: Star Trek Intro
Challenge
Share
Tweet
Embed
Score 0/70 Timer 20:00
0 Plays Today
Season Tribe Names % Correct
Pagong
84.6%
Ogakor
84.6%
Drake
84.6%
BorneoTagi
83.6%
Australian OutbackKucha
83.6%
Pearl IslandsMorgan
83.6%
Chapera
82.7%
Saboga
82.7%
Koror
82.7%
Raro
82.7%
Moto
82.7%
PalauUlong
82.7%
Villains
82.7%
Puka
80.8%
Heroes vs VillainsHeroes
80%
Boran
78.8%
Chaboga Mogo
78.8%
Yaxha
78.8%
Timbira
78.8%
Cook IslandsAitu
78.2%
ChinaFei Long
78.2%
SamoaFoa Foa
78.2%
Rattana
76.9%
Barramundi
76.9%
Balboa
76.9%
Malakal
76.9%
Galu
76.9%
All StarsMogo Mogo
76.4%
Rotu
75%
Sook Jai
75%
Jacare
75%
Aitutonga
75%
VanuatuLopevi
75%
Yasur
75%
TocantinsJalapao
74.5%
Season Tribe Names % Correct
La Mina
73.1%
Alinta
73.1%
Dabu
73.1%
Zapatera
73.1%
Upolu
73.1%
AfricaSamburu
72.7%
Exile Island Casaya
72.7%
Moto Maji
71.2%
Zhan Hu
71.2%
Forza
71.2%
MarqusasMaraamu
70.9%
Fiji Ravu
70.9%
South Pacific Savaii
70.9%
Viveros
69.2%
Hiki
69.2%
Aiga
69.2%
AmazonJaburu
69.1%
Micronesia: Fans Vs Favorites Airai
69.1%
Redemption IslandOmetepe
69.1%
Xhakum
67.3%
Hae Da Fung
67.3%
La Flor
67.3%
Murlonio
67.3%
Guatemala Nakum
67.3%
Bayoneta
65.4%
Te Tuna
65.4%
NicaraguaEspada
63.6%
Chuay Jai
63.5%
Libertad
63.5%
Bula Bula
61.5%
ThailandChuay Gahn
60%
Soliantu
59.6%
Ying Yang
59.6%
Tambaqui
57.7%
Gitanos
53.8%

You're not logged in!

Compare scores with friends on all Sporcle quizzes.
Join for Free
OR
Log In

You Might Also Like...

Show Comments

Extras

Created Feb 2, 2012ReportFavoriteNominate
Tags:season, survivor, tribe

Top Quizzes Today


Score Distribution

Your Account Isn't Verified!

In order to create a playlist on Sporcle, you need to verify the email address you used during registration. Go to your Sporcle Settings to finish the process.

Report this User

Report this user for behavior that violates our Community Guidelines.

Details: